| 000 | 00856nam a2200277Ia 4500 | ||
|---|---|---|---|
| 001 | 21973 | ||
| 005 | 20260320113330.0 | ||
| 008 | 260320s9999||||xx |||||||||||||| ||und|| | ||
| 022 | _a02528835 | ||
| 041 | _aESP | ||
| 082 |
_aHR 261.8 N° 95 2025 _bALLPANCHIS |
||
| 100 |
_a _e |
||
| 110 | _aUniversidad Católica San Pablo | ||
| 245 | 0 |
_aAllpanchis : _brevista de estudios andinos |
|
| 246 |
_a _5 _b |
||
| 260 |
_aArequipa : _bUniversidad Católica San Pablo. Centro de Estudios Peruanos, _c2025 |
||
| 300 |
_a324 páginas : _bfotografías, cuadros ; _c20 cm. _e |
||
| 440 |
_a _n _v |
||
| 505 | _aN° 95 (Enero-Junio, 2025) | ||
| 650 | _aREL | ||
| 653 | _aAntropología - Revista | ||
| 654 | _aCHU | ||
| 700 |
_a _c |
||
| 856 |
_uhttps://revistas.ucsp.edu.pe/index.php/Allpanchis/issue/view/158 _zVersión digital |
||
| 942 |
_cREV _dJUS _fMAT _2ddc _n |
||
| 999 |
_c21973 _d21973 |
||